| 000 | 00666nam a2200217 a 4500 | ||
|---|---|---|---|
| 001 | 000042614 | ||
| 005 | 20201002040256.0 | ||
| 008 | 140131s1975 sp 000 0 spa d | ||
| 020 | _a8420640271 | ||
| 040 |
_aDO-SdBNP _beng _cBNPHU |
||
| 041 | 1 | 7 |
_aspa _heng |
| 082 |
_axxx _bN616m |
||
| 100 | 1 |
_aNichols, Beverley _969866 |
|
| 240 | 1 | 0 |
_aMurder by request. _lEspañol |
| 245 | 1 | 0 |
_aAsesinato por encargo / _cBeverley Nichols ; traducción Raquel H. de Busto. |
| 260 |
_aMadrid : _bAlianza Emecé, _c1975. |
||
| 300 |
_a197 p. ; _c18 cm. |
||
| 490 | 1 |
_aSéptimo círculo _v27 |
|
| 700 | 1 | 2 |
_aBusto, Raquel H. de _etr. _969867 |
| 830 | 0 |
_aSéptimo círculo _n27 _969868 |
|
| 999 |
_c42103 _d42103 |
||